书目信息 |
| 题名: |
马克思与第三世界
|
|
| 作者: | melotti , 梅洛蒂 著 ;高铬 译 | |
| 分册: | ||
| 出版信息: | 北京 商务印书馆 1981 |
|
| 页数: | 264页 | |
| 开本: | 21cm | |
| 丛书名: | ||
| 单 册: | ||
| 中图分类: | F112.1 , A811 | |
| 科图分类: | ||
| 主题词: | 马克思主义政治经济学-第三世界--研究 , 第三世界-马克思主义政治经济学--研究 , 马恩著作研究 , 马恩著作--学习 | |
| 电子资源: | ||
| ISBN: | ||
| 000 | 00862nam0 2200301 45 | |
| 001 | 0181002627 | |
| 005 | 20071014100352.75 | |
| 010 | @dCNY1.10 | |
| 091 | @a4017.229 | |
| 100 | @a19950626d1981 emky0chiy0121 ea | |
| 101 | 1 | @achi@cita |
| 102 | @aCN@b110000 | |
| 105 | @ay z 000yy | |
| 200 | 10 | @a马克思与第三世界@Ama ke si yu di san shi jie@f(意)梅洛蒂(Melotti,U.)著@g高铬译 |
| 210 | @a北京@c商务印书馆@d1981 | |
| 215 | @a264页@d21cm | |
| 606 | @a马克思主义政治经济学-第三世界@x研究 | |
| 606 | @a第三世界-马克思主义政治经济学@x研究 | |
| 606 | 0 | @a马恩著作研究 |
| 606 | 0 | @a马恩著作@x学习 |
| 690 | @aF112.1@v3 | |
| 690 | @aA811@v3 | |
| 701 | A1 | @amelotti@bU.@4著 |
| 701 | 1 | @a梅洛蒂@Amei luo di@bU.@4著 |
| 702 | 0 | @a高铬@Agao ge@4译 |
| 801 | 2 | @aCN@bNLC@c20071014 |
| 801 | 0 | @aCN@b上海图书馆@c20040429 |
| 905 | @f3@b57697-699@dA811@e232 | |
| 马克思与第三世界/(意)梅洛蒂(Melotti,U.)著/高铬译.-北京:商务印书馆,1981 |
| 264页;21cm |
| ISBN :CNY1.10 |
| ● |
| 相关链接 |
|
|
|
|
正题名:马克思与第三世界
索取号:A811/232
 
预约/预借
| 序号 | 登录号 | 条形码 | 馆藏地/架位号 | 状态 | 备注 |
| 1 | 0057697 | 001019971 | 第一借阅区/ [索取号:A811/232] | 在馆 | |
| 2 | 0057698 | 001025438 | 密集书库/ [索取号:A811/232] | 在馆 | |
| 3 | 0057699 | 000383926 | 第一样本阅览室/ [索取号:A811/232] | 在馆 | |
| 4 | 0426684 | 204266846 | 密集书库/ [索取号:A811/232] | 在馆 | |
| 5 | 0426685 | 204266855 | 密集书库/ [索取号:A811/232] | 在馆 |